| 000 | 00719nac a22002051u 4500 | ||
|---|---|---|---|
| 010 | _a 92041240 | ||
| 020 | _a0830638598 (pbk.) : | ||
| 082 | 0 | 0 |
_a005.7565 _bSAU |
| 090 |
_c6019 _d6019 |
||
| 100 | _aSaunders, Kimberly Mau | ||
| 245 | 1 | 4 |
_aThe paradox relational database advisor : _belements of database design / _cKimberly M. Saunders. |
| 250 | _a1st ed. | ||
| 260 |
_aNew York : _bWindcrest/McGraw-Hill,c1993. _cc1993. |
||
| 300 |
_axx, 275 p. : _bill. ; _c24 cm. |
||
| 500 | _aDistributer: Al-Ahram. | ||
| 504 | _aIncludes bibliographical references (p. 268) and index. | ||
| 511 | _aCatalogued By: Mahitab. | ||
| 650 | 0 | _aRelational databases. | |
| 942 |
_cBB _k005.7565SAU |
||
| 999 |
_c6019 _d6019 |
||